[Event "NACHOD NIKI OPEN 2008"]
[Site "Nachod"]
[Date "2008.??.??"]
[Round "5.7"]
[White "Urbanec, Ladislav"]
[Black "Mojzis, Jan"]
[Result "1-0"]
[WhiteElo "2296"]
[BlackElo "2146"]
[PlyCount "227"]
[EventDate "2008.06.28"]

1. e4 e6 2. d4 d5 3. Nd2 Nf6 4. e5 Nfd7 5. Bd3 c5 6. c3 Nc6 7. Ne2 cxd4 8. cxd4
Qb6 9. Nf3 f6 10. exf6 Nxf6 11. Nc3 Bd6 12. O-O O-O 13. a3 Bd7 14. Re1 Kh8 15.
Bc2 Ne7 16. Bg5 Be8 17. Ne5 Rc8 18. Rb1 Qc7 19. Qf3 Nc6 20. Nxc6 bxc6 21. Qh3
h6 22. b4 Bxh2+ 23. Qxh2 Qxh2+ 24. Kxh2 hxg5 25. Rxe6 Bd7 26. Re7 Rce8 27. Rbe1
Rxe7 28. Rxe7 Re8 29. Rxe8+ Bxe8 30. a4 Kg8 31. a5 Kf7 32. Kg3 Ke6 33. f3 Bd7
34. Na4 Kd6 35. Bg6 Bc8 36. Nc5 Be6 37. Kf2 Ng8 38. g4 Ne7 39. Be8 Bc8 40. Bf7
Bd7 41. Ke3 Bc8 42. Kd2 Bd7 43. Nd3 Nc8 44. Ne5 Ke7 45. Bg6 Nd6 46. Bc2 Be8 47.
Ba4 Nb5 48. Ke3 Kf6 49. Bxb5 cxb5 50. Kf2 Ke6 51. Kg2 Ke7 52. Kg3 Kf6 53. Nd3
Bc6 54. Nf2 Bd7 55. Nh3 Bc6 56. f4 gxf4+ 57. Kxf4 Bd7 58. g5+ Ke6 59. Ng1 g6
60. Nf3 Be8 61. Ne5 Kd6 62. Nd3 Bd7 63. Nc5 Bc8 64. Nd3 Bd7 65. Ne5 Be8 66. Ng4
Ke6 67. Nf6 Bc6 68. Kg4 Kd6 69. Nh7 Be8 70. Kf4 Ke6 71. Nf8+ Kd6 72. Nh7 Ke6
73. Nf6 Bc6 74. Ng4 Kd6 75. Nf2 Be8 76. Nd3 Bd7 77. Kg3 Bf5 78. Nf4 Be4 79. Kf2
Kd7 80. Ke3 Kd6 81. Ne2 Bf5 82. Kf4 Bc8 83. Ng1 Bf5 84. Nf3 Bd7 85. Nh4 Be8 86.
Ng2 Bd7 87. Ne3 Be8 88. Nd1 Bc6 89. Nc3 Bd7 90. Na2 Bc8 91. Nc1 Bf5 92. Nb3 Bd7
93. Nc5 Bc8 94. a6 Bh3 95. Nb7+ Ke6 96. Nd8+ Kd6 97. Nb7+ Ke6 98. Na5 Kd6 99.
Nb3 Bc8 100. Nc5 Bh3 101. Kg3 Bc8 102. Kf3 Bh3 103. Kg3 Bc8 104. Kf4 Bh3 105.
Nd3 Bd7 106. Kg3 Bc8 107. Kf4 Be6 108. Ne5 Bf5 109. Nf7+ Ke6 110. Nh6 Bh3 111.
Ng8 Kf7 112. Nf6 Be6 113. Ne8 Ke7 114. Nc7 1-0

[Event "NACHOD NIKI OPEN 2008"]
[Site "Nachod"]
[Date "2008.??.??"]
[Round "5.8"]
[White "Bauma, Jiri"]
[Black "Mareckova, Martina"]
[Result "1-0"]
[WhiteElo "2278"]
[BlackElo "2045"]
[PlyCount "62"]
[EventDate "2008.06.28"]

1. e4 e5 2. Nf3 Nc6 3. d4 exd4 4. Nxd4 Qf6 5. Nf3 Qg6 6. Qe2 Bc5 7. Nc3 Bb4 8.
Bd2 Bxc3 9. Bxc3 d6 10. Nh4 Qh6 11. g3 Nge7 12. Bg2 Bd7 13. f4 O-O-O 14. O-O
Rhe8 15. Nf3 f6 16. b4 Nd5 17. Bd2 Ndxb4 18. f5 Qh5 19. Qc4 Na6 20. e5 d5 21.
Qxd5 Bxf5 22. Qb5 Nab8 23. exf6 gxf6 24. Bc3 Bg4 25. Qxh5 Bxh5 26. Bh3+ f5 27.
Bxf5+ Nd7 28. Bf6 Rf8 29. Ng5 Rde8 30. Nxh7 Rg8 31. Bb2 Bg6 1-0

[Event "NACHOD NIKI OPEN 2008"]
[Site "Nachod"]
[Date "2008.??.??"]
[Round "5.9"]
[White "Jirasek, Pavel"]
[Black "Schnepel, Thomas"]
[Result "1/2-1/2"]
[WhiteElo "2277"]
[BlackElo "1966"]
[PlyCount "83"]
[EventDate "2008.06.28"]

1. e4 c5 2. Nf3 Nc6 3. Bb5 Na5 4. c3 a6 5. Ba4 b5 6. Bc2 Bb7 7. O-O Rc8 8. a4
b4 9. d4 e6 10. Nbd2 g6 11. Re1 Bg7 12. e5 f5 13. Nf1 b3 14. Bxb3 Nxb3 15. Qxb3
Bxf3 16. gxf3 cxd4 17. cxd4 h6 18. d5 Bxe5 19. Rxe5 Rxc1 20. Rxc1 Qg5+ 21. Ng3
Qxc1+ 22. Kg2 Qc7 23. f4 Ne7 24. dxe6 d6 25. Re2 O-O 26. Rc2 Qa7 27. Qd3 Qb7+
28. f3 Rd8 29. Qd4 d5 30. Ne2 Rc8 31. Nc3 Rc4 32. Qe5 d4 33. Rd2 Kh7 34. Qf6
Qb4 35. h4 Qd6 36. b3 Rxc3 37. Rxd4 Nd5 38. Rxd5 Rc2+ 39. Kg3 Qxd5 40. Qf7+ Kh8
41. Qf8+ Kh7 42. Qf7+ 1/2-1/2

[Event "NACHOD NIKI OPEN 2008"]
[Site "Nachod"]
[Date "2008.??.??"]
[Round "5.10"]
[White "Gromczak, Dariusz"]
[Black "Novotny, Josef"]
[Result "0-1"]
[WhiteElo "2087"]
[BlackElo "2169"]
[PlyCount "107"]
[EventDate "2008.06.28"]

1. e4 e6 2. b3 d6 3. Bb2 Nf6 4. Nc3 Nc6 5. d4 d5 6. e5 Ng8 7. f4 h5 8. Nf3 Nh6
9. Qd2 Bd7 10. Nd1 a5 11. a3 a4 12. b4 Ne7 13. c4 dxc4 14. Bxc4 Bc6 15. O-O Bd5
16. Rc1 Bxc4 17. Rxc4 Nd5 18. Ne3 Nxf4 19. d5 Nxd5 20. Nxd5 exd5 21. Rf4 Ra6
22. b5 Rg6 23. Rxa4 Bc5+ 24. Bd4 Bxd4+ 25. Rxd4 c6 26. bxc6 bxc6 27. Qb4 Qc7
28. Re1 Qa7 29. Kh1 Ng4 30. h3 Ne3 31. Rd2 Nc4 32. Rde2 Kd7 33. Nh4 Re6 34. Rf1
Kc8 35. Nf5 g6 36. Ng7 Re7 37. Rf6 Rb7 38. Qe1 Qc5 39. e6 Qd6 40. e7 Qxf6 41.
e8=Q+ Rxe8 42. Nxe8 Qf5 43. Kh2 Qf4+ 44. g3 Qg5 45. h4 Qg4 46. Rc2 Kd8 47. Nf6
Qe6 48. Qc3 Rb1 49. Nh7 Qe4 50. Qf6+ Kc7 51. Qxf7+ Kb6 52. Qf2+ d4 53. g4 Rh1+
54. Kg3 0-1

[Event "NACHOD NIKI OPEN 2008"]
[Site "Nachod"]
[Date "2008.??.??"]
[Round "5.11"]
[White "Spirin, Oleg"]
[Black "Pertlova, Sona"]
[Result "1/2-1/2"]
[WhiteElo "2430"]
[BlackElo "2159"]
[PlyCount "61"]
[EventDate "2008.06.28"]

1. d4 Nf6 2. c4 e6 3. Nc3 Bb4 4. e3 d5 5. a3 Bxc3+ 6. bxc3 c6 7. Bd3 O-O 8. Nf3
b6 9. cxd5 cxd5 10. Qe2 Nc6 11. O-O Qc7 12. Bb2 Bb7 13. c4 Ba6 14. Rfc1 Rac8
15. cxd5 Bxd3 16. Qxd3 exd5 17. Ne5 Qb7 18. Nxc6 Rxc6 19. Rxc6 Qxc6 20. Rc1 Qd7
21. Qc2 h6 22. a4 a5 23. Ba3 Rb8 24. Rb1 b5 25. axb5 Rxb5 26. Rxb5 Qxb5 27. h3
Nd7 28. Qc8+ Kh7 29. Qc2+ Kg8 30. Qc8+ Kh7 31. Qc2+ 1/2-1/2

[Event "NACHOD NIKI OPEN 2008"]
[Site "Nachod"]
[Date "2008.??.??"]
[Round "5.12"]
[White "Pavlicek, Petr"]
[Black "Cerveny, Petr"]
[Result "0-1"]
[WhiteElo "2111"]
[BlackElo "2375"]
[PlyCount "32"]
[EventDate "2008.06.28"]

1. e4 c5 2. Nf3 e6 3. d4 cxd4 4. Nxd4 Nf6 5. Nc3 d6 6. Be2 Nc6 7. O-O Be7 8.
Be3 O-O 9. f4 e5 10. Nb3 exf4 11. Bxf4 Be6 12. Kh1 d5 13. Bf3 d4 14. Ne2 Bc4
15. e5 Nd5 16. Re1 Bxe2 0-1

[Event "NACHOD NIKI OPEN 2008"]
[Site "Nachod"]
[Date "2008.??.??"]
[Round "5.13"]
[White "Smid, Jaroslav"]
[Black "Cerveny, Martin"]
[Result "0-1"]
[WhiteElo "2046"]
[BlackElo "2305"]
[PlyCount "74"]
[EventDate "2008.06.28"]

1. e4 c5 2. c3 d5 3. exd5 Qxd5 4. d4 Nf6 5. Nf3 Bg4 6. Be2 e6 7. O-O Nc6 8. Be3
cxd4 9. Nxd4 Bxe2 10. Qxe2 a6 11. Nd2 Rc8 12. Nxc6 Qxc6 13. Qf3 Be7 14. Qxc6+
Rxc6 15. Nf3 Nd5 16. Rfe1 O-O 17. Ne5 Rc7 18. Rad1 b5 19. a3 Rfc8 20. Bd4 f6
21. Nf3 Kf7 22. Kf1 h5 23. h4 Rd7 24. Be3 e5 25. Ke2 Rxc3 26. Rxd5 Rxe3+ 27.
fxe3 Rxd5 28. Rc1 Rc5 29. Rxc5 Bxc5 30. Nd2 Ke6 31. e4 g6 32. g3 Bd4 33. b3 Kd6
34. Kd3 Bf2 35. Nf1 a5 36. b4 axb4 37. axb4 Be1 0-1

[Event "NACHOD NIKI OPEN 2008"]
[Site "Nachod"]
[Date "2008.??.??"]
[Round "5.14"]
[White "Kosek, Jiri"]
[Black "Kopta, Pavel"]
[Result "0-1"]
[WhiteElo "2053"]
[BlackElo "2276"]
[PlyCount "128"]
[EventDate "2008.06.28"]

1. e4 c5 2. Nf3 d6 3. d4 cxd4 4. Nxd4 Nf6 5. Nc3 g6 6. Be2 Bg7 7. Be3 Nc6 8.
O-O O-O 9. Qd2 Bd7 10. f4 Rc8 11. Nxc6 Bxc6 12. Bf3 Qc7 13. Rad1 Rfd8 14. Qf2
b6 15. Rfe1 Rd7 16. Rd2 e6 17. g4 d5 18. e5 Ne4 19. Bxe4 dxe4 20. Bd4 Ba8 21.
Nxe4 Qc6 22. c3 Rcd8 23. Qg3 Rd5 24. h4 h6 25. Kh2 Bb7 26. Rf2 Qc7 27. Nf6+
Bxf6 28. exf6 Kh7 29. Re5 Qc6 30. Re1 h5 31. f5 gxf5 32. g5 Kg6 33. Rfe2 R5d7
34. Qf2 Qc4 35. b3 Qc7+ 36. Qg3 Be4 37. Qxc7 Rxc7 38. Kg3 Rcd7 39. Kf4 Rd5 40.
Re3 Ra5 41. R3e2 Rdd5 42. b4 Ra3 43. Rb2 b5 44. Ree2 Ra6 45. Re1 Rc6 46. Rb3
Rc4 47. Rb2 a6 48. a3 e5+ 49. Bxe5 Rd3 50. Bd4 Rf3+ 51. Ke5 Rc6 52. Be3 Re6+
53. Kd4 f4 54. Rf2 Rxe3 55. Rxe3 fxe3 56. Kxe3 Bf5+ 57. Kf4 Re4+ 58. Kg3 Rg4+
59. Kh3 Rc4+ 60. Kg3 Rxc3+ 61. Rf3 Rc4 62. Rf4 Rc7 63. Rf3 Be6 64. Re3 Rc4 0-1

[Event "NACHOD NIKI OPEN 2008"]
[Site "Nachod"]
[Date "2008.??.??"]
[Round "5.15"]
[White "Cechura, Petr"]
[Black "Blahacek, Evzen"]
[Result "1-0"]
[WhiteElo "2182"]
[BlackElo "2068"]
[PlyCount "53"]
[EventDate "2008.06.28"]

1. e4 e5 2. Nf3 Nc6 3. d4 exd4 4. c3 d5 5. exd5 Qxd5 6. cxd4 Nf6 7. Be2 Bb4+ 8.
Nc3 O-O 9. O-O Qd8 10. Bg5 Be7 11. Re1 Bf5 12. Rc1 a6 13. d5 Na7 14. Qb3 b5 15.
Rcd1 b4 16. Nd4 Bd7 17. Nc6 Bxc6 18. dxc6 Qc8 19. Bf3 Re8 20. Nd5 Bd8 21. Rxe8+
Nxe8 22. Bxd8 Qxd8 23. Nb6 Qxd1+ 24. Qxd1 cxb6 25. c7 Rc8 26. Qd8 Kf8 27. Bc6
1-0

[Event "NACHOD NIKI OPEN 2008"]
[Site "Nachod"]
[Date "2008.??.??"]
[Round "5.16"]
[White "Herejk, Petr"]
[Black "Jansa, Vaclav"]
[Result "1/2-1/2"]
[WhiteElo "2177"]
[BlackElo "2047"]
[PlyCount "40"]
[EventDate "2008.06.28"]

1. e4 c5 2. Nf3 d6 3. d4 cxd4 4. Nxd4 Nf6 5. Nc3 Nc6 6. Bg5 Bd7 7. Qd2 Rc8 8.
O-O-O Nxd4 9. Qxd4 Qa5 10. Be3 a6 11. f3 g6 12. Qd2 Bg7 13. Bd4 O-O 14. Kb1
Rfe8 15. Bxf6 exf6 16. Qd5 b5 17. Qxd6 Be6 18. Nd5 Bxd5 19. exd5 Qd2 20. Bd3
Qxg2 1/2-1/2

[Event "NACHOD NIKI OPEN 2008"]
[Site "Nachod"]
[Date "2008.??.??"]
[Round "5.17"]
[White "Bylino, Oleg"]
[Black "Gruss, Horst"]
[Result "1/2-1/2"]
[WhiteElo "2170"]
[BlackElo "2032"]
[PlyCount "20"]
[EventDate "2008.06.28"]

1. d4 d5 2. c4 c6 3. Nf3 Nf6 4. Qb3 Qb6 5. e3 Bf5 6. Qxb6 axb6 7. Nc3 e6 8. Nh4
Be7 9. cxd5 cxd5 10. Kd2 Bb4 1/2-1/2

[Event "NACHOD NIKI OPEN 2008"]
[Site "Nachod"]
[Date "2008.??.??"]
[Round "5.18"]
[White "Neoral, Antonin"]
[Black "Srejber, Michal"]
[Result "1/2-1/2"]
[WhiteElo "2160"]
[BlackElo "1959"]
[PlyCount "134"]
[EventDate "2008.06.28"]

1. e4 c5 2. Nf3 e6 3. d3 b6 4. g3 Bb7 5. Bg2 Be7 6. c4 Nc6 7. Nc3 d6 8. d4 cxd4
9. Nxd4 Rc8 10. Nde2 Nf6 11. b3 O-O 12. O-O Nd7 13. Bb2 Nc5 14. Qd2 Qc7 15. f4
a6 16. Rae1 Nb4 17. Nc1 Rcd8 18. a3 Nc6 19. b4 Nd7 20. Nb3 Nf6 21. Rc1 Qb8 22.
Qe2 Rfe8 23. Kh1 Na7 24. Nd4 Qa8 25. Rfe1 Rd7 26. b5 axb5 27. cxb5 Rc8 28. Rcd1
Rdc7 29. Na4 Nd7 30. Rd2 Rc4 31. Qd1 Nxb5 32. Nxb5 Rxa4 33. Nxd6 Bxd6 34. Rxd6
Nc5 35. Qg4 g6 36. Qh4 Nxe4 37. Qh6 Nc3 38. Bxb7 Qxb7+ 39. Kg1 Qf3 40. Qh4 Rac4
41. Rd8+ Rxd8 42. Qxd8+ Kg7 43. Qd2 Kh6 44. f5+ Kh5 45. Bxc3 Qxc3 46. Qe2+ Kh6
47. fxe6 Qd4+ 48. Qe3+ Qxe3+ 49. Rxe3 fxe6 50. Rxe6 b5 51. Re3 Rc1+ 52. Kg2
Rc2+ 53. Kh3 Rb2 54. Re5 Rb3 55. Kg4 Kg7 56. Rc5 Rxa3 57. Rxb5 Ra4+ 58. Kf3 Ra2
59. h4 Ra7 60. g4 h6 61. Rb3 Ra6 62. Kf4 Kf7 63. Rb7+ Ke6 64. Rb4 Rc6 65. Re4+
Kf7 66. Rd4 Rf6+ 67. Kg3 Rc6 1/2-1/2

[Event "NACHOD NIKI OPEN 2008"]
[Site "Nachod"]
[Date "2008.??.??"]
[Round "5.19"]
[White "Schejbal, Josef"]
[Black "Siktanc, Petr"]
[Result "0-1"]
[WhiteElo "1873"]
[BlackElo "2182"]
[PlyCount "98"]
[EventDate "2008.06.28"]

1. d4 e6 2. Nf3 f5 3. g3 Nf6 4. Bg2 Be7 5. c4 O-O 6. O-O d6 7. Nc3 a5 8. b3 Qe8
9. Bb2 Qh5 10. Re1 d5 11. e3 c6 12. Ne5 Qh6 13. f3 Nfd7 14. Nd3 Bf6 15. Ba3 Re8
16. Rc1 b6 17. f4 Bb7 18. cxd5 exd5 19. Nxd5 cxd5 20. Rc7 Bd8 21. Rxb7 Qc6 22.
Rxb8 Rxb8 23. Ne5 Qe6 24. Nxd7 Qxd7 25. Qf3 Be7 26. Qxd5+ Qxd5 27. Bxd5+ Kf8
28. Bxe7+ Rxe7 29. a4 Rd8 30. Bc4 Rxd4 31. exd4 Rxe1+ 32. Kg2 Re4 33. d5 g6 34.
Kf3 Re1 35. g4 fxg4+ 36. Kxg4 Rg1+ 37. Kf3 Ke7 38. Kf2 Rh1 39. Kg2 Rd1 40. Kf3
Rd2 41. h3 Kf6 42. Ke4 Ra2 43. d6 Rd2 44. Bd5 h6 45. h4 h5 46. d7 Ke7 47. d8=Q+
Kxd8 48. Bf7 Rg2 49. f5 Rg4+ 0-1

[Event "NACHOD NIKI OPEN 2008"]
[Site "Nachod"]
[Date "2008.??.??"]
[Round "5.20"]
[White "Necada, Martin"]
[Black "Kriz, Daniel"]
[Result "1-0"]
[WhiteElo "2142"]
[BlackElo "1988"]
[PlyCount "61"]
[EventDate "2008.06.28"]

1. d4 d6 2. e4 Nf6 3. Nc3 Nbd7 4. Nf3 e5 5. Bc4 Be7 6. O-O O-O 7. h3 c6 8. a4
Qc7 9. Bg5 b6 10. dxe5 Nxe5 11. Nxe5 dxe5 12. Qe2 Bb7 13. Rad1 Rfd8 14. f4 Rxd1
15. Nxd1 b5 16. Ba2 h6 17. Bxf6 Bxf6 18. f5 Ba6 19. Kh1 Qb6 20. Qh5 Rf8 21. Nf2
b4 22. Ng4 Bxf1 23. Nxh6+ gxh6 24. Qg6+ Kh8 25. Qxh6+ Kg8 26. Qg6+ Kh8 27.
Qxf6+ Kh7 28. Qh4+ Kg7 29. Qg5+ Kh7 30. f6 Bxg2+ 31. Kxg2 1-0

[Event "NACHOD NIKI OPEN 2008"]
[Site "Nachod"]
[Date "2008.??.??"]
[Round "6.1"]
[White "Sergeev, Vladimir"]
[Black "Jirka, Jiri"]
[Result "0-1"]
[WhiteElo "2505"]
[BlackElo "2400"]
[PlyCount "96"]
[EventDate "2008.06.28"]

1. d4 d5 2. c4 c6 3. e3 Nf6 4. Nc3 a6 5. Qc2 Bg4 6. f3 Bh5 7. Qb3 b5 8. cxd5
cxd5 9. g4 Bg6 10. g5 Nfd7 11. Qxd5 Ra7 12. f4 e6 13. Qf3 Rc7 14. Bg2 h6 15. h4
hxg5 16. hxg5 Rxh1 17. Bxh1 Nc6 18. Nge2 Nb4 19. Kf1 Nc2 20. Rb1 Nb6 21. Kf2
Bb4 22. e4 Nc4 23. f5 Nxd4 24. Qh3 Nxe2 25. Kxe2 Bxc3 26. bxc3 exf5 27. Bf4 Rd7
28. exf5 Rd2+ 29. Bxd2 Qxd2+ 30. Kf1 Ne3+ 31. Qxe3+ Qxe3 32. Re1 Qxe1+ 33. Kxe1
Bxf5 34. a3 Ke7 35. Kd2 Kd6 36. Ke3 Kc5 37. Bb7 a5 38. Bf3 Kc4 39. Kd2 Kb3 40.
Bc6 Kxa3 41. Bxb5 Kb3 42. Be8 Be6 43. Kc1 a4 44. Kb1 a3 45. Ka1 Kxc3 46. Bc6 g6
47. Be4 Kd4 48. Bf3 Ke5 0-1

[Event "NACHOD NIKI OPEN 2008"]
[Site "Nachod"]
[Date "2008.??.??"]
[Round "6.3"]
[White "Volosin, Leonid"]
[Black "Kizilkaya, Mehmet"]
[Result "1-0"]
[WhiteElo "2434"]
[BlackElo "2235"]
[PlyCount "79"]
[EventDate "2008.06.28"]

1. Nf3 d5 2. c4 c6 3. Qb3 Nf6 4. g3 Qb6 5. d4 g6 6. Nc3 Qxb3 7. axb3 Bf5 8. c5
Na6 9. Ra4 Ne4 10. Nh4 Bg7 11. Nxf5 gxf5 12. e3 Nc7 13. Bd3 e6 14. f3 Nf6 15.
Bd2 a6 16. Kf2 Ke7 17. Ne2 Nd7 18. Rd1 h5 19. h3 h4 20. g4 fxg4 21. hxg4 e5 22.
Bf5 Nb5 23. Bc3 Rae8 24. Rd2 exd4 25. Bxd4 Bxd4 26. exd4 Nf8 27. Nf4 Rd8 28.
Ke3 Rh6 29. Rh2 Ne6 30. Bxe6 fxe6 31. Nd3 Rf8 32. Rh3 Nc7 33. Ra1 Ne8 34. Rah1
Rfh8 35. Ne5 R8h7 36. g5 Rh5 37. g6 Rg7 38. Rxh4 Rxh4 39. Rxh4 Rg8 40. Kf4 1-0

[Event "NACHOD NIKI OPEN 2008"]
[Site "Nachod"]
[Date "2008.??.??"]
[Round "6.4"]
[White "Kriz, Lubos"]
[Black "Kulhanek, Tomas"]
[Result "0-1"]
[WhiteElo "2175"]
[BlackElo "2399"]
[PlyCount "58"]
[EventDate "2008.06.28"]

1. Nf3 c5 2. c4 g6 3. Nc3 Nc6 4. b3 Bg7 5. Bb2 d6 6. g3 e5 7. d3 Nge7 8. Bg2
O-O 9. O-O f5 10. Qd2 h6 11. e3 g5 12. Ne1 f4 13. Nd5 Nxd5 14. cxd5 Ne7 15. d4
cxd4 16. exd4 g4 17. Be4 Bf5 18. Bxf5 Nxf5 19. dxe5 Bxe5 20. Bxe5 dxe5 21. gxf4
Nd4 22. Qd3 Rxf4 23. Qg6+ Kf8 24. Qxh6+ Ke7 25. Qg7+ Kd6 26. Nd3 Nf3+ 27. Kg2
Qh4 28. Qxe5+ Nxe5 29. Nxf4 Rf8 0-1

[Event "NACHOD NIKI OPEN 2008"]
[Site "Nachod"]
[Date "2008.??.??"]
[Round "6.5"]
[White "Sorm, Daniel"]
[Black "Urbanec, Ladislav"]
[Result "1-0"]
[WhiteElo "2320"]
[BlackElo "2296"]
[PlyCount "47"]
[EventDate "2008.06.28"]

1. d4 Nf6 2. c4 e6 3. Nc3 Bb4 4. e3 O-O 5. Bd3 d5 6. cxd5 exd5 7. Nf3 c6 8. O-O
Bd6 9. Ne5 Bxe5 10. dxe5 Ng4 11. f4 d4 12. Ne4 Qh4 13. h3 Nxe3 14. Bxe3 dxe3
15. Qf3 Rd8 16. Rad1 h6 17. Nd6 Qe7 18. Qe4 g6 19. Bc4 Be6 20. Bxe6 Qxe6 21. f5
gxf5 22. Nxf5 Re8 23. Rd6 Qxe5 24. Nxh6+ 1-0

[Event "NACHOD NIKI OPEN 2008"]
[Site "Nachod"]
[Date "2008.??.??"]
[Round "6.6"]
[White "Novotny, Josef"]
[Black "Cechura, Petr"]
[Result "0-1"]
[WhiteElo "2169"]
[BlackElo "2182"]
[PlyCount "64"]
[EventDate "2008.06.28"]

1. e3 d5 2. d3 e5 3. Nf3 Bd6 4. Nc3 c6 5. g3 f5 6. Bg2 Nf6 7. O-O O-O 8. Re1 e4
9. Nd4 a6 10. a4 c5 11. Nb3 Be6 12. a5 Nc6 13. Na4 Qe7 14. Bd2 Rad8 15. Bc3 g5
16. Nb6 Qf7 17. Rf1 exd3 18. cxd3 d4 19. Nxd4 cxd4 20. exd4 Nd5 21. Re1 Nxb6
22. axb6 Bd5 23. Bxd5 Qxd5 24. Qh5 Be7 25. Re3 Qf7 26. Qe2 Bf6 27. Re1 Bxd4 28.
Re6 f4 29. g4 f3 30. Qe4 Qf4 31. Rg6+ Kh8 32. Qxf4 gxf4 0-1

[Event "NACHOD NIKI OPEN 2008"]
[Site "Nachod"]
[Date "2008.??.??"]
[Round "6.7"]
[White "Cerveny, Petr"]
[Black "Jirasek, Pavel"]
[Result "1-0"]
[WhiteElo "2375"]
[BlackElo "2277"]
[PlyCount "53"]
[EventDate "2008.06.28"]

1. e4 c5 2. b3 e6 3. Bb2 Nc6 4. Nf3 Nf6 5. e5 Nd5 6. c4 Nf4 7. Nc3 d6 8. g3 Ng6
9. exd6 Bxd6 10. d4 O-O 11. Bg2 e5 12. dxe5 Ncxe5 13. O-O a5 14. Ne4 Nxf3+ 15.
Bxf3 Ra6 16. Ba3 Qc7 17. Qc2 Bf5 18. Nf6+ gxf6 19. Qxf5 Be5 20. Rad1 Re6 21.
Rfe1 Rfe8 22. Bd5 R6e7 23. Re4 Bd4 24. Rdxd4 Re5 25. Qxf6 cxd4 26. Bd6 Qxd6 27.
Bxf7+ 1-0

[Event "NACHOD NIKI OPEN 2008"]
[Site "Nachod"]
[Date "2008.??.??"]
[Round "6.8"]
[White "Kopta, Pavel"]
[Black "Porat, Ido"]
[Result "1/2-1/2"]
[WhiteElo "2276"]
[BlackElo "2360"]
[PlyCount "51"]
[EventDate "2008.06.28"]

1. d4 d5 2. c4 Nc6 3. Nc3 dxc4 4. d5 Ne5 5. Bf4 Ng6 6. Bg3 e5 7. e4 Nf6 8. Bxc4
a6 9. a3 Bd6 10. Nge2 O-O 11. Qd2 Qe7 12. O-O b5 13. Ba2 Bb7 14. Rae1 Rfe8 15.
f4 exf4 16. Nxf4 Nxf4 17. Bxf4 Bxf4 18. Rxf4 Rad8 19. Ref1 Rd6 20. Qf2 Bc8 21.
h3 Qe5 22. Qc5 Re7 23. b4 h6 24. Bb1 Qg5 25. R4f3 Qe5 26. Qf2 1/2-1/2

[Event "NACHOD NIKI OPEN 2008"]
[Site "Nachod"]
[Date "2008.??.??"]
[Round "6.9"]
[White "Cerveny, Martin"]
[Black "Karlik, Vladimir"]
[Result "1/2-1/2"]
[WhiteElo "2305"]
[BlackElo "2317"]
[PlyCount "123"]
[EventDate "2008.06.28"]

1. d4 d6 2. c4 e5 3. d5 f5 4. Nc3 Nf6 5. g3 Be7 6. Bg2 O-O 7. Nf3 Nbd7 8. Ng5
Nb6 9. b3 h6 10. Nh3 Qe8 11. Bb2 f4 12. Qd3 Ng4 13. Ne4 Qh5 14. Ng1 Nf6 15. h3
Nbd7 16. g4 Qf7 17. b4 a5 18. a3 axb4 19. axb4 Rxa1+ 20. Bxa1 b5 21. c5 dxc5
22. bxc5 Nxe4 23. Qxe4 Nxc5 24. Qb1 e4 25. Bxe4 Nxe4 26. Qxe4 Bb7 27. Nf3 Bxd5
28. Qd3 Bc4 29. Qc2 Bf6 30. O-O Bxa1 31. Rxa1 Re8 32. Re1 Qf6 33. Kh2 Qb6 34.
Kg2 c5 35. g5 Qe6 36. gxh6 Qxh6 37. Qf5 Be6 38. Qxc5 Qxh3+ 39. Kg1 Qg4+ 40. Kh1
Qf5 41. Qxf5 Bxf5 42. Nd4 Bd7 43. Rb1 Re5 44. Kg2 Kf7 45. Kf3 g5 46. e3 fxe3
47. fxe3 Ke7 48. e4 Rc5 49. Rb3 Kd6 50. Ke3 Kc7 51. Rb2 Kb6 52. Kd3 g4 53. Ke3
Rg5 54. Kf4 Rg8 55. Kg3 Kc5 56. Nf5 b4 57. Rc2+ Kb6 58. Nd4 Rc8 59. Rd2 Rc4 60.
e5 Rc3+ 61. Kf4 Rc4 62. Kg3 1/2-1/2

[Event "NACHOD NIKI OPEN 2008"]
[Site "Nachod"]
[Date "2008.??.??"]
[Round "6.10"]
[White "Schnepel, Thomas"]
[Black "Spirin, Oleg"]
[Result "0-1"]
[WhiteElo "1966"]
[BlackElo "2430"]
[PlyCount "74"]
[EventDate "2008.06.28"]

1. e4 c5 2. Nf3 d6 3. d4 cxd4 4. Nxd4 Nf6 5. Nc3 a6 6. f4 e6 7. Be3 Qc7 8. Bd3
Nbd7 9. a4 b6 10. O-O Bb7 11. Qf3 Nc5 12. Rae1 Be7 13. Kh1 O-O 14. Bf2 Nfd7 15.
Qh3 Rfe8 16. Bg3 Rad8 17. Nf3 Bc6 18. Rf2 Nxd3 19. cxd3 Nc5 20. Re3 Nxa4 21.
Nxa4 Bxa4 22. Re1 Qc5 23. d4 Qb4 24. f5 Bd7 25. Ref1 exf5 26. exf5 Qb5 27. Nh4
Qd3 28. Qg4 Bf6 29. Rd1 Qb3 30. h3 Re3 31. Bxd6 Bb5 32. Rc1 Rxd6 33. Rc8+ Re8
34. Rfc2 Rdd8 35. R8c3 Qd5 36. Rc1 Re4 37. Qf3 Bxh4 0-1

[Event "NACHOD NIKI OPEN 2008"]
[Site "Nachod"]
[Date "2008.??.??"]
[Round "6.12"]
[White "Gruss, Horst"]
[Black "Herejk, Petr"]
[Result "0-1"]
[WhiteElo "2032"]
[BlackElo "2177"]
[PlyCount "66"]
[EventDate "2008.06.28"]

1. e4 c5 2. Nf3 d6 3. d4 cxd4 4. Nxd4 Nf6 5. Nc3 Nc6 6. Bg5 e6 7. Qd2 a6 8.
O-O-O Bd7 9. f3 Be7 10. g4 h5 11. gxh5 Rxh5 12. h4 Qc7 13. Be2 Rh8 14. Kb1
O-O-O 15. Qe3 Kb8 16. h5 Nxh5 17. Ncb5 axb5 18. Nxb5 Qa5 19. Bxe7 Nxe7 20. Nxd6
Be8 21. f4 g6 22. Rd3 Nc8 23. Ra3 Qb6 24. Qc3 Nxd6 25. Qxh8 Bb5 26. Qe5 Bxe2
27. c4 Bxc4 28. Rc1 Ba6 29. Rg3 Qf2 30. Qa5 Rc8 31. Rxc8+ Kxc8 32. Qc3+ Nc4 33.
b3 Qb2+ 0-1

[Event "NACHOD NIKI OPEN 2008"]
[Site "Nachod"]
[Date "2008.??.??"]
[Round "6.13"]
[White "Jansa, Vaclav"]
[Black "Bylino, Oleg"]
[Result "0-1"]
[WhiteElo "2047"]
[BlackElo "2170"]
[PlyCount "48"]
[EventDate "2008.06.28"]

1. e4 g6 2. d4 Bg7 3. Nc3 d6 4. Be3 a6 5. Qd2 b5 6. Bd3 Bb7 7. f3 Nd7 8. Nce2
c5 9. c3 Ngf6 10. Bh6 Bxh6 11. Qxh6 cxd4 12. cxd4 Qa5+ 13. Qd2 Qxd2+ 14. Kxd2
O-O 15. Nh3 e5 16. Rhc1 d5 17. Nf2 dxe4 18. Nxe4 Bxe4 19. Bxe4 Nxe4+ 20. fxe4
exd4 21. Nxd4 Rfe8 22. Rc7 Ne5 23. Nb3 Rad8+ 24. Ke3 Ng4+ 0-1

[Event "NACHOD NIKI OPEN 2008"]
[Site "Nachod"]
[Date "2008.??.??"]
[Round "6.14"]
[White "Mareckova, Martina"]
[Black "Neoral, Antonin"]
[Result "1/2-1/2"]
[WhiteElo "2045"]
[BlackElo "2160"]
[PlyCount "92"]
[EventDate "2008.06.28"]

1. e4 c5 2. Nc3 Nc6 3. g3 g6 4. Bg2 Bg7 5. d3 e6 6. f4 Nge7 7. Nf3 O-O 8. O-O
d6 9. Be3 Ne5 10. Qd2 f5 11. Nd1 Rb8 12. c3 Nxf3+ 13. Bxf3 b6 14. d4 Qc7 15.
Nf2 Bb7 16. Rad1 Rbd8 17. Qe2 Rfe8 18. Rfe1 Qc8 19. e5 cxd4 20. Bxb7 Qxb7 21.
Bxd4 d5 22. Qf3 Rc8 23. Nd3 Rc7 24. Nb4 Rec8 25. Qf2 Rb8 26. Be3 Rc4 27. Nc2 a6
28. Nd4 Kf7 29. Re2 Nc6 30. Nxc6 Qxc6 31. Bd4 Qb7 32. h3 Bf8 33. g4 Be7 34. Kh2
b5 35. a3 Ke8 36. Rg1 a5 37. gxf5 exf5 38. Rd1 Rbc8 39. Red2 b4 40. axb4 axb4
41. Qf3 Kf7 42. cxb4 Ke6 43. Bc3 Rd8 44. Rd4 Rxd4 45. Rxd4 Ra8 46. Qd3 Rb8
1/2-1/2

[Event "NACHOD NIKI OPEN 2008"]
[Site "Nachod"]
[Date "2008.??.??"]
[Round "6.15"]
[White "Pertlova, Sona"]
[Black "Gerych, Jan"]
[Result "1-0"]
[WhiteElo "2159"]
[BlackElo "2062"]
[PlyCount "69"]
[EventDate "2008.06.28"]

1. d4 Nf6 2. g3 d5 3. c4 dxc4 4. Nf3 e6 5. Bg2 Be7 6. Qa4+ Bd7 7. Qxc4 Bc6 8.
Nc3 O-O 9. O-O a6 10. Bg5 b5 11. Qd3 b4 12. Bxf6 Bxf6 13. Ne4 Nd7 14. Rac1 Bd5
15. Ned2 Be7 16. e4 Bb7 17. Rfd1 a5 18. Nc4 c5 19. d5 exd5 20. exd5 Ba6 21. d6
Bf6 22. Qb1 Re8 23. Ne3 Bb7 24. Nd5 Bxd5 25. Rxd5 Qb6 26. Nd2 Rad8 27. Nc4 Qa7
28. Re1 Rxe1+ 29. Qxe1 Nb6 30. Rxc5 Nxc4 31. Rxc4 Bxb2 32. Rc7 Qd4 33. Qe7 Qf6
34. Bd5 Rf8 35. Qxf8+ 1-0

[Event "NACHOD NIKI OPEN 2008"]
[Site "Nachod"]
[Date "2008.??.??"]
[Round "6.16"]
[White "Tejkal, Jiri"]
[Black "Porat, Maya"]
[Result "0-1"]
[WhiteElo "2027"]
[BlackElo "2156"]
[PlyCount "68"]
[EventDate "2008.06.28"]

1. d4 Nf6 2. Nf3 g6 3. c4 c5 4. d5 e6 5. Nc3 exd5 6. cxd5 d6 7. e4 Bg7 8. Nd2
O-O 9. Be2 Re8 10. O-O Na6 11. f4 Rb8 12. a4 Nb4 13. Bf3 b6 14. g3 Qe7 15. e5
dxe5 16. fxe5 Qxe5 17. Nc4 Qd4+ 18. Qxd4 cxd4 19. Nb5 Bh3 20. Bf4 Bxf1 21. Rxf1
Nfxd5 22. Bxb8 Rxb8 23. Nxa7 Re8 24. Nc6 d3 25. Nxb6 Nxb6 26. Nxb4 d2 27. Rd1
Re1+ 28. Kg2 Nc4 29. Nc2 Rxd1 30. Bxd1 Nxb2 31. Ne3 Bd4 32. Kf3 Bxe3 33. Kxe3
Nxd1+ 34. Kxd2 Nb2 0-1